[Event "BayJEM19 - U14w"]
[Site "?"]
[Date "2019.04.23"]
[Round "3.1"]
[White "Müller, Alina"]
[Black "Gubler, Katharina"]
[Result "1/2-1/2"]
[WhiteElo "1337"]
[BlackElo "1191"]
[PlyCount "93"]
[EventDate "2019.??.??"]
[WhiteTeam "SC Windischeschenbach"]
[BlackTeam "TSV Kareth-Lappersdorf"]

1. d4 d5 2. Nf3 Bf5 3. e3 Nf6 4. Bd3 Bg6 5. Ne5 Nbd7 6. f4 {[%emt 0:00:00]} Ne4
7. Nd2 Ndf6 8. O-O e6 9. b3 Bb4 10. a3 Bd6 11. Bb2 Qe7 12. c4 c6 13. Rc1 {
[%emt 0:00:00]} Bxa3 14. Bxa3 Qxa3 15. cxd5 exd5 16. Nb1 Qb4 17. f5 Bh5 18. g4
Nxg4 19. Nxg4 Nf6 20. Nxf6+ gxf6 21. Qxh5 Qxb3 22. Qd1 Qa2 23. Qc2 Qa5 24. Qc5
Qc7 25. Rc2 Kd7 26. Rff2 {[%emt 0:00:00]} h5 27. Nc3 Qb8 28. Nxd5 cxd5 29.
Qxd5+ Ke7 30. Bc4 Rf8 31. Qc5+ Qd6 32. Qxd6+ Kxd6 33. Rg2 Rac8 34. Bb3 Rce8 35.
Kf2 Re7 36. Ba4 a6 37. Rc3 b5 38. Bd1 Rb8 39. Bxh5 b4 40. Rb3 a5 41. Rg1 a4 42.
Rb2 b3 43. Rgb1 Kd5 44. Be2 Reb7 45. Bd1 Kc4 46. Rc1+ Kb4 47. Ke2 1/2-1/2

[Event "BayJEM19 - U14w"]
[Site "?"]
[Date "2019.04.23"]
[Round "3.2"]
[White "Adelhardt, Lisa"]
[Black "Albayrak, Nese Pinar"]
[Result "1/2-1/2"]
[WhiteElo "1658"]
[BlackElo "1624"]
[PlyCount "45"]
[EventDate "2019.??.??"]
[WhiteTeam "Schachtreff Röttenbach e.V."]
[BlackTeam "Spvg Zabo-Eintracht Nürnberg e.V"]

1. e4 e5 2. Nf3 Nc6 3. Bc4 Nf6 4. d3 Bc5 5. Nc3 h6 6. O-O d6 7. h3 Be6 8. Bb3
O-O 9. Be3 Bb6 10. Qe2 Qd7 11. Bxe6 Qxe6 12. Rfe1 Rfe8 13. Bxb6 axb6 14. a3
Rad8 15. Rad1 d5 16. exd5 Nxd5 17. Nxd5 Qxd5 18. Qe4 Qxe4 19. Rxe4 Nd4 20. Nxd4
Rxd4 21. Rde1 Rxe4 22. Rxe4 f5 23. Re2 1/2-1/2

[Event "BayJEM19 - U14w"]
[Site "?"]
[Date "2019.04.23"]
[Round "3.3"]
[White "Sargsyan, Arusyak"]
[Black "Alferova, Emily"]
[Result "1/2-1/2"]
[WhiteElo "1301"]
[BlackElo "1328"]
[PlyCount "45"]
[EventDate "2019.??.??"]
[WhiteTeam "SC Schwarz-Weiß Nürnberg Süd e.V"]
[BlackTeam "SAbt TuS Fürstenfeldbruck"]

1. e4 e5 2. Nf3 Nc6 3. Bb5 d6 4. Bxc6+ bxc6 5. d3 Be7 6. h3 Nf6 7. Nc3 Bd7 8.
Qe2 h6 9. Nh2 Qc8 10. f4 Nh7 11. Nf3 exf4 12. Bxf4 Qb7 13. Rb1 Nf8 14. Bg3 Ne6
15. Qe3 Qb6 16. Bf2 Rb8 17. O-O Qxe3 18. Bxe3 Rb7 19. Nd4 Nxd4 20. Bxd4 c5 21.
Bxg7 Rg8 22. Bxh6 Rg6 23. Bd2 1/2-1/2

[Event "BayJEM19 - U14w"]
[Site "?"]
[Date "2019.04.23"]
[Round "3.4"]
[White "Karlinger De la Quintana, Ainhoa"]
[Black "Reifschneider, Melissa"]
[Result "1/2-1/2"]
[WhiteElo "1495"]
[BlackElo "1325"]
[PlyCount "51"]
[EventDate "2019.??.??"]
[WhiteTeam "SC Ammersee"]
[BlackTeam "TSV Bindlach Aktionär"]

1. c4 e5 2. g3 Nf6 3. Bg2 c6 4. Nc3 d5 5. cxd5 cxd5 6. d3 Be6 7. Bg5 Bb4 8. a3
Bxc3+ 9. bxc3 h6 10. Bxf6 Qxf6 11. c4 Qd8 12. cxd5 Bxd5 13. Nf3 O-O 14. O-O Nc6
15. Qd2 Be6 16. Rab1 Rb8 17. Qc3 Qd6 18. Nd2 Nd4 19. Rfe1 b6 20. Ne4 Qd8 21. e3
Nf5 22. Qxe5 Qxd3 23. Qc3 Qxc3 24. Nxc3 Rfd8 25. Nb5 a6 26. Nc7 1/2-1/2

[Event "BayJEM19 - U14w"]
[Site "?"]
[Date "2019.04.23"]
[Round "3.5"]
[White "Racky, Selina"]
[Black "Krause, Ricarda Sophie"]
[Result "1-0"]
[WhiteElo "1156"]
[BlackElo "1301"]
[PlyCount "120"]
[EventDate "2019.??.??"]
[WhiteTeam "SK Wasserburg"]
[BlackTeam "SC Erlangen 48/88"]

1. e4 e5 2. Nf3 Nc6 3. Bc4 Nf6 4. Nc3 Nxe4 5. Qe2 Nxc3 6. bxc3 Bd6 7. d4 O-O 8.
O-O Qf6 9. Bg5 Qg6 10. h4 exd4 11. cxd4 b6 12. Rfe1 Bb7 13. c3 h6 14. Bd2 Na5
15. Bd3 Qf6 16. Ne5 Qxh4 17. Nf3 Bxf3 18. Qxf3 Qh2+ 19. Kf1 Qh1+ 20. Ke2 Rfe8+
21. Be3 Qh4 22. Rh1 Qf4 23. Qxa8 Rxa8 24. Bxf4 Bxf4 25. Kf3 Bd2 26. Ke4 Re8+
27. Kf3 Bxc3 28. Rac1 Bxd4 29. Rxc7 Nc6 30. Bb5 Ne5+ 31. Kg3 a5 32. Re1 Re6 33.
f4 Rg6+ 34. Kh3 Ng4 35. Bxd7 Nf2+ 36. Kh2 Ng4+ 37. Bxg4 Rxg4 38. Re8+ Kh7 39.
Rxf7 b5 40. f5 b4 41. Rff8 g6 42. Rf7+ Bg7 43. fxg6+ Rxg6 44. Ra8 Rf6 45. Rxf6
Bxf6 46. Rxa5 Bc3 47. Kg3 Kg6 48. Kg4 Bd2 49. Ra6+ Kf7 50. Kf5 Be3 51. Ke4 Bg5
52. Rb6 Bd2 53. Kd3 Bg5 54. Rxb4 Kg6 55. a4 Be7 56. Rb5 Bd8 57. a5 Bxa5 58.
Rxa5 h5 59. Ke4 Kh6 60. Kf5 h4 1-0

[Event "BayJEM19 - U14w"]
[Site "?"]
[Date "2019.04.23"]
[Round "3.6"]
[White "Gao, Yina"]
[Black "Röll, Lea"]
[Result "1-0"]
[WhiteElo "1228"]
[BlackElo "1063"]
[PlyCount "107"]
[EventDate "2019.??.??"]
[WhiteTeam "Schachfreunde Sailauf"]
[BlackTeam "Schach-Club Vaterstetten-Grasbru"]

1. d4 d5 2. c4 c6 3. cxd5 cxd5 4. Nc3 Nf6 5. Nf3 Nc6 6. e3 Bf5 7. Bd3 Bxd3 8.
Qxd3 e6 9. Bd2 Bb4 10. a3 Bxc3 11. Bxc3 Ne4 12. O-O O-O 13. Nd2 Nf6 14. f3 Rc8
15. Rac1 Re8 16. e4 e5 17. dxe5 Nxe5 18. Bxe5 Rxe5 19. Qd4 Re8 20. Rxc8 Qxc8
21. exd5 Rd8 22. Ne4 Rxd5 23. Nxf6+ gxf6 24. Qxd5 Qc7 25. Qd4 b6 26. Qxf6 Qc2
27. Re1 Qa4 28. Re4 Qd1+ 29. Kf2 Qc2+ 30. Kg3 Qc7+ 31. Qe5 Qc1 32. Qb8+ Kg7 33.
Rg4+ Kf6 34. f4 Qe1+ 35. Kh3 Qe3+ 36. g3 Qe2 37. Qe5+ Qxe5 38. fxe5+ Kxe5 39.
Kh4 Kf6 40. Kh5 a5 41. Kh6 Kf5 42. h3 f6 43. Kxh7 b5 44. Rd4 Ke5 45. Rd8 Ke4
46. Kg6 Ke5 47. h4 Ke6 48. h5 Ke7 49. Rd1 Kf8 50. h6 b4 51. h7 bxa3 52. h8=Q+
Ke7 53. Qd8+ Ke6 54. Qd6# 1-0

[Event "BayJEM19 - U14w"]
[Site "?"]
[Date "2019.04.23"]
[Round "3.7"]
[White "Frowein, Katja"]
[Black "Albayrak, Melissa"]
[Result "1/2-1/2"]
[WhiteElo "1129"]
[BlackElo "1111"]
[PlyCount "90"]
[EventDate "2019.??.??"]
[WhiteTeam "SC Garching 1980 e.V."]
[BlackTeam "Spvg Zabo-Eintracht Nürnberg e.V"]

1. e4 e5 2. Nf3 Nc6 3. d4 exd4 4. Nxd4 d5 5. Nxc6 bxc6 6. Nc3 Bb4 7. Bd2 Bxc3
8. Bxc3 f6 9. Bd3 dxe4 10. Bxe4 Qxd1+ 11. Rxd1 Ne7 12. O-O O-O 13. Rfe1 Bb7 14.
Bb4 Rfe8 15. Bxe7 Rxe7 16. Bxh7+ Kf8 17. Rxe7 Kxe7 18. h3 c5 19. Re1+ Kf7 20.
b3 g6 21. Rd1 Bc6 22. b4 cxb4 23. Rd4 Rc8 24. Rxb4 Kg7 25. Rh4 Bd7 26. g3 g5
27. Rh5 Be8 28. Bf5 Bxh5 29. Bxc8 Bd1 30. c3 c5 31. Kf1 Bc2 32. h4 gxh4 33.
gxh4 Kh6 34. Kg2 Bb1 35. a3 a5 36. Kg3 Bc2 37. Bd7 Bd1 38. Bg4 Bc2 39. h5 f5
40. Be2 Kg5 41. f4+ Kh6 42. c4 Bb3 43. Kh4 Bc2 44. Bf1 Be4 45. Be2 Bc2 1/2-1/2

[Event "BayJEM19 - U14w"]
[Site "?"]
[Date "2019.04.23"]
[Round "3.8"]
[White "Wahl, Svenja"]
[Black "Nguyen, Anna Ha Chuc An"]
[Result "0-1"]
[WhiteElo "899"]
[BlackElo "1260"]
[PlyCount "68"]
[EventDate "2019.??.??"]
[WhiteTeam "Aschaffenburg- Schweinheim e.V."]
[BlackTeam "SC Moosburg 1956 e.V."]

1. e4 e5 2. Nf3 d6 3. h3 Nf6 4. Nc3 c6 5. d4 exd4 6. Qxd4 c5 7. Qe3 Be6 8. Bb5+
Nfd7 9. Qe2 a6 10. Ba4 b5 11. Bxb5 axb5 12. Nxb5 Be7 13. e5 d5 14. b3 Nb6 15.
Bb2 O-O 16. O-O-O Rxa2 17. Kb1 Ra5 18. g4 Nc6 19. Nh2 c4 20. bxc4 Nxc4 21. Nd4
Qb6 22. Nb3 Nxb2 23. Kxb2 Rfa8 24. Ra1 Ba3+ 25. Kc3 Qb4+ 26. Kd3 Qb5+ 27. Kd2
Bb4+ 28. Ke3 d4+ 29. Kf3 Bd5+ 30. Qe4 Bxe4+ 31. Kxe4 Qxe5+ 32. Kd3 Rxa1 33.
Nxa1 Re8 34. Nf1 Qe2# 0-1

[Event "BayJEM19 - U14w"]
[Site "?"]
[Date "2019.04.23"]
[Round "3.9"]
[White "Erdösi, Anna"]
[Black "Muhina, Liana"]
[Result "0-1"]
[WhiteElo "1376"]
[BlackElo "1291"]
[PlyCount "90"]
[EventDate "2019.??.??"]
[WhiteTeam "TV Tegernsee"]
[BlackTeam "SC Garching 1980 e.V."]

1. e4 d5 2. exd5 Qxd5 3. Nc3 Qa5 4. Nf3 c6 5. d4 Nf6 6. Bd3 Bg4 7. h3 Bh5 8.
Bd2 e6 9. Ne4 Qd8 10. c3 c5 11. Nxf6+ Qxf6 12. Bg5 Bxf3 13. Qa4+ Bc6 14. Qxc6+
Nxc6 15. Bxf6 gxf6 16. dxc5 O-O-O 17. Bb5 Bxc5 18. O-O Ne5 19. b4 Bb6 20. a4 a6
21. Be2 Rd2 22. a5 Ba7 23. Rfe1 Nd3 24. Rad1 Bxf2+ 25. Kf1 Bxe1 26. Rxd2 Bxd2
27. Bxd3 Bxc3 28. b5 Bxa5 29. bxa6 bxa6 30. Bxa6+ Kb8 31. Be2 Bb6 32. Bh5 Rf8
33. Ke2 e5 34. Kf3 f5 35. Ke2 e4 36. Kd2 Rd8+ 37. Ke2 e3 38. Bxf7 Rd2+ 39. Kf3
e2 40. Bh5 e1=Q 41. Kf4 Qe4+ 42. Kg5 Rxg2+ 43. Kh6 Qf4+ 44. Kxh7 Qc7+ 45. Kh6
Qg7# 0-1

[Event "BayJEM19 - U14w"]
[Site "?"]
[Date "2019.04.24"]
[Round "4.1"]
[White "Adelhardt, Lisa"]
[Black "Müller, Alina"]
[Result "1/2-1/2"]
[WhiteElo "1658"]
[BlackElo "1337"]
[PlyCount "34"]
[EventDate "2019.??.??"]
[WhiteTeam "Schachtreff Röttenbach e.V."]
[BlackTeam "SC Windischeschenbach"]

1. e4 d6 2. d4 Nf6 3. Nc3 Nbd7 4. Nf3 e5 5. dxe5 dxe5 6. a3 Be7 7. Bd3 O-O 8.
O-O c6 9. Be3 Qc7 10. Qe2 Nc5 11. h3 Be6 12. Bg5 Nxd3 13. Qxd3 h6 14. Bxf6 Bxf6
15. Rfd1 Rad8 16. Qe3 b6 17. Kh2 Be7 1/2-1/2

[Event "BayJEM19 - U14w"]
[Site "?"]
[Date "2019.04.24"]
[Round "4.2"]
[White "Albayrak, Nese Pinar"]
[Black "Gubler, Katharina"]
[Result "1-0"]
[WhiteElo "1624"]
[BlackElo "1191"]
[PlyCount "51"]
[EventDate "2019.??.??"]
[WhiteTeam "Spvg Zabo-Eintracht Nürnberg e.V"]
[BlackTeam "TSV Kareth-Lappersdorf"]

1. e4 e5 2. Nf3 Nf6 3. Nc3 Nc6 4. Bb5 Bc5 5. O-O d6 6. h3 O-O 7. Re1 Nd4 8. d3
Nxb5 9. Nxb5 c6 10. Nc3 Qb6 11. Re2 Qc7 12. d4 exd4 13. Nxd4 h6 14. Bf4 Nh5 15.
Bh2 Rd8 16. e5 g5 17. b4 Bxd4 18. Qxd4 dxe5 19. Qxe5 Qxe5 20. Bxe5 Re8 21. Rae1
Be6 22. g4 Ng7 23. Ne4 Bc4 24. Nf6+ Kf8 25. Bd6+ Re7 26. Bxe7# 1-0

[Event "BayJEM19 - U14w"]
[Site "?"]
[Date "2019.04.24"]
[Round "4.3"]
[White "Alferova, Emily"]
[Black "Gao, Yina"]
[Result "1-0"]
[WhiteElo "1328"]
[BlackElo "1228"]
[PlyCount "127"]
[EventDate "2019.??.??"]
[WhiteTeam "SAbt TuS Fürstenfeldbruck"]
[BlackTeam "Schachfreunde Sailauf"]

1. e4 e5 2. Nf3 Nc6 3. Bc4 Bc5 4. Nc3 Nf6 5. d3 d6 6. h3 Be6 7. Bb3 h6 8. O-O
O-O 9. Be3 Bb6 10. Ne2 d5 11. Ng3 d4 12. Bd2 Qe7 13. Bxe6 Qxe6 14. Nf5 Ne7 15.
N3h4 Nxf5 16. Nxf5 a5 17. Qf3 Kh7 18. Qg3 Nh5 19. Qf3 Qg6 20. Nh4 Qc6 21. Qxh5
Qxc2 22. Qe2 Qxb2 23. Rfb1 Qc2 24. a3 Qc6 25. Rb2 a4 26. Rc1 Qe6 27. Nf5 f6 28.
Qg4 Qf7 29. Ng3 Qg6 30. Qxg6+ Kxg6 31. Nf5 Kh7 32. Ne7 Rfb8 33. Nd5 Rc8 34.
Rcb1 Bc5 35. Bb4 Bxb4 36. Rxb4 b6 37. Rc4 Ra7 38. Rbc1 h5 39. Nxc7 Kg8 40. Nd5
Rxc4 41. Rxc4 Rb7 42. Rxa4 Kf7 43. Rb4 Ke6 44. Nxb6 Kd6 45. Nc4+ Kc7 46. Rxb7+
Kxb7 47. a4 Ka6 48. Kf1 Kb7 49. a5 Ka6 50. Ke2 g6 51. g3 g5 52. g4 h4 53. f3
Kb7 54. Kd2 Ka6 55. Kc2 Kb5 56. Kb3 Kc5 57. Ka4 Kc6 58. a6 Kc7 59. Kb5 Kc8 60.
Kb6 Kb8 61. a7+ Ka8 62. Nd6 f5 63. Nb5 f4 64. Nc7# 1-0

[Event "BayJEM19 - U14w"]
[Site "?"]
[Date "2019.04.24"]
[Round "4.4"]
[White "Racky, Selina"]
[Black "Reifschneider, Melissa"]
[Result "0-1"]
[WhiteElo "1156"]
[BlackElo "1325"]
[PlyCount "118"]
[EventDate "2019.??.??"]
[WhiteTeam "SK Wasserburg"]
[BlackTeam "TSV Bindlach Aktionär"]

1. e4 e5 2. Nf3 Nc6 3. Bc4 Nf6 4. d3 Bc5 5. Bg5 d6 6. h3 h6 7. Bh4 Bd7 8. Nc3
g5 9. Bg3 Qe7 10. Qe2 O-O-O 11. Nd2 Nd4 12. Qd1 Be6 13. O-O h5 14. Nd5 Nxd5 15.
exd5 Bd7 16. c3 Nf5 17. Nb3 Nxg3 18. d4 Nxf1 19. dxc5 dxc5 20. Kxf1 f5 21. f3
g4 22. Na5 Qd6 23. h4 gxf3 24. Qxf3 f4 25. Qd1 Rhg8 26. Rb1 Bg4 27. Qd3 Rgf8
28. b4 Bf5 29. Qe2 Bxb1 30. Qxh5 Qg6 31. Qxe5 Bd3+ 32. Bxd3 Qxd3+ 33. Qe2 Qxe2+
34. Kxe2 Rxd5 35. a3 cxb4 36. axb4 Rxa5 37. bxa5 Kd7 38. Kf3 Ke6 39. Kg4 Ke5
40. Kf3 b6 41. a6 b5 42. g3 fxg3+ 43. Kxg3 Rg8+ 44. Kh3 Kf5 45. Kh2 Kg4 46. Kg2
Kxh4+ 47. Kf3 Re8 48. Kf4 c5 49. Kf3 Kg5 50. Kf2 Kf5 51. Kf3 Re4 52. Kf2 Kf4
53. Kf1 Kf3 54. Kg1 Re2 55. Kf1 Ra2 56. Ke1 Rh2 57. Kd1 Ke3 58. Kc1 Kd3 59. Kd1
Rh1# 0-1

[Event "BayJEM19 - U14w"]
[Site "?"]
[Date "2019.04.24"]
[Round "4.5"]
[White "Nguyen, Anna Ha Chuc An"]
[Black "Sargsyan, Arusyak"]
[Result "1-0"]
[WhiteElo "1260"]
[BlackElo "1301"]
[PlyCount "89"]
[EventDate "2019.??.??"]
[WhiteTeam "SC Moosburg 1956 e.V."]
[BlackTeam "SC Schwarz-Weiß Nürnberg Süd e.V"]

1. d4 d5 2. c4 c6 3. Nc3 Bf5 4. Nf3 e6 5. Bf4 Nf6 6. e3 Bd6 7. Ne5 Qe7 8. c5
Bxe5 9. Bxe5 Nbd7 10. Bd6 Qd8 11. Bd3 Bg6 12. Bxg6 fxg6 13. b4 Kf7 14. O-O Re8
15. f4 Rg8 16. Qf3 Ne8 17. Be5 Rf8 18. Rf2 Kg8 19. Qg4 Qe7 20. Raf1 Nxe5 21.
fxe5 Nc7 22. e4 a6 23. exd5 Nxd5 24. Nxd5 exd5 25. Rxf8+ Rxf8 26. Rxf8+ Kxf8
27. Qc8+ Kf7 28. Qh3 h6 29. a4 Qg5 30. Qd7+ Kf8 31. Qc8+ Kf7 32. Qxb7+ Kg8 33.
Qc8+ Kf7 34. e6+ Kf6 35. Qd8+ Kxe6 36. Qxg5 hxg5 37. g4 Kd7 38. Kf2 Kc7 39. Ke3
Kb7 40. Kd3 Ka7 41. Kc3 Kb7 42. b5 a5 43. b6 Kc8 44. Kd3 Kd7 45. Ke3 1-0

[Event "BayJEM19 - U14w"]
[Site "?"]
[Date "2019.04.24"]
[Round "4.6"]
[White "Krause, Ricarda Sophie"]
[Black "Karlinger De la Quintana, Ainhoa"]
[Result "1/2-1/2"]
[WhiteElo "1301"]
[BlackElo "1495"]
[PlyCount "141"]
[EventDate "2019.??.??"]
[WhiteTeam "SC Erlangen 48/88"]
[BlackTeam "SC Ammersee"]

1. e4 e6 2. d4 d5 3. e5 c5 4. c3 Nc6 5. Nf3 Qb6 6. Bd3 Bd7 7. Be3 cxd4 8. cxd4
Qxb2 9. Nbd2 Qb6 10. Rb1 Qc7 11. Qc2 Rc8 12. O-O Nb4 13. Qxc7 Rxc7 14. Be2 Nxa2
15. Ra1 Nc3 16. Bd3 a6 17. Rfc1 Kd8 18. Ng5 Nh6 19. Ndf3 Bb5 20. Bxb5 Nxb5 21.
Bd2 Rxc1+ 22. Rxc1 Be7 23. Ba5+ Kd7 24. Nh3 Nf5 25. Nf4 Rc8 26. Rxc8 Kxc8 27.
Ne2 Kd7 28. Kf1 Kc6 29. Ke1 b6 30. Bd2 f6 31. Kd1 Na3 32. Nc3 Bb4 33. h4 Nc4
34. g4 Nxd2 35. Kxd2 Bxc3+ 36. Kxc3 Ne7 37. exf6 gxf6 38. g5 f5 39. h5 Kd7 40.
Nh4 Ke8 41. h6 Kf7 42. f4 a5 43. Nf3 b5 44. Ne5+ Kg8 45. Nd7 b4+ 46. Kb3 Nc6
47. Nc5 Nxd4+ 48. Ka4 Kf7 49. Kxa5 b3 50. Nd3 Ne2 51. Kb4 Nxf4 52. Ne5+ Kg8 53.
Kxb3 Ng6 54. Nd7 Nh4 55. Ne5 f4 56. Kc3 f3 57. Kd3 Kf8 58. Ng4 Kf7 59. Ne5+ Kg8
60. Ng4 f2 61. Nxf2 Nf3 62. Nh3 e5 63. Ke3 e4 64. Nf4 Nxg5 65. Nxd5 Kf7 66. Kf4
Kg6 67. Nc3 Kxh6 68. Nxe4 Nxe4 69. Kxe4 Kg5 70. Kf3 h5 71. Kg2 1/2-1/2

[Event "BayJEM19 - U14w"]
[Site "?"]
[Date "2019.04.24"]
[Round "4.7"]
[White "Muhina, Liana"]
[Black "Frowein, Katja"]
[Result "1-0"]
[WhiteElo "1291"]
[BlackElo "1129"]
[PlyCount "117"]
[EventDate "2019.??.??"]
[WhiteTeam "SC Garching 1980 e.V."]
[BlackTeam "SC Garching 1980 e.V."]

1. e4 e5 2. Nf3 Nc6 3. d4 exd4 4. Nxd4 Qh4 5. Nxc6 Qxe4+ 6. Qe2 Qxe2+ 7. Bxe2
bxc6 8. O-O Nf6 9. Re1 Bb4 10. Nc3 O-O 11. a3 Bxc3 12. bxc3 d5 13. Bd3 Be6 14.
Bf4 Ne8 15. Rab1 Nd6 16. Re3 Rab8 17. Rbe1 Bf5 18. Bxd6 cxd6 19. Bxf5 g6 20.
Bd7 c5 21. Re8 Rb2 22. Rxf8+ Kxf8 23. Re8+ Kg7 24. g3 Rxc2 25. Ra8 Rxc3 26.
Rxa7 Rc1+ 27. Kg2 d4 28. Bb5 c4 29. Rd7 Kf6 30. Rxd6+ Ke5 31. Rc6 Kd5 32. Rc8
d3 33. Kf3 Kd4 34. Rd8+ Kc3 35. Bxc4 Rd1 36. Bxd3 Rxd3+ 37. Rxd3+ Kxd3 38. a4
Kc4 39. Kg4 f5+ 40. Kg5 Kb4 41. Kh6 Kxa4 42. Kxh7 g5 43. Kg6 f4 44. Kxg5 fxg3
45. fxg3 Kb5 46. h4 Kc6 47. Kf6 Kd5 48. h5 Ke4 49. h6 Kf3 50. h7 Kxg3 51. h8=Q
Kf3 52. Qh4 Ke3 53. Ke5 Kd3 54. Qd4+ Ke2 55. Qc3 Kd1 56. Qb2 Ke1 57. Ke4 Kf1
58. Kf3 Ke1 59. Qe2# 1-0

[Event "BayJEM19 - U14w"]
[Site "?"]
[Date "2019.04.24"]
[Round "4.8"]
[White "Albayrak, Melissa"]
[Black "Röll, Lea"]
[Result "0-1"]
[WhiteElo "1111"]
[BlackElo "1063"]
[PlyCount "78"]
[EventDate "2019.??.??"]
[WhiteTeam "Spvg Zabo-Eintracht Nürnberg e.V"]
[BlackTeam "Schach-Club Vaterstetten-Grasbru"]

1. e4 c6 2. d4 d5 3. Nc3 dxe4 4. Nxe4 Bf5 5. Ng3 Bg6 6. Nf3 e6 7. h4 h6 8. h5
Bh7 9. Bd3 Bxd3 10. Qxd3 Nf6 11. Bd2 Nbd7 12. O-O-O Rc8 13. Bf4 Be7 14. Ne5 c5
15. Nxd7 Qxd7 16. dxc5 Qxd3 17. Rxd3 Bxc5 18. f3 O-O 19. Be5 Nd5 20. Kb1 Rfd8
21. Ne4 Be7 22. Bd4 b6 23. g4 Nf4 24. Rc3 Rxc3 25. Bxc3 Rc8 26. Be5 Ng2 27. Bd6
Bxd6 28. Nxd6 Rc6 29. Nb5 a6 30. Na7 Rc7 31. Rh2 Ne1 32. Rf2 Rxa7 33. Rf1 Ng2
34. Rf2 Ne3 35. Re2 Nd5 36. c4 Ne7 37. b4 Rc7 38. b5 Rxc4 39. bxa6 Ra4 0-1

[Event "BayJEM19 - U14w"]
[Site "?"]
[Date "2019.04.24"]
[Round "4.9"]
[White "Erdösi, Anna"]
[Black "Wahl, Svenja"]
[Result "0-1"]
[WhiteElo "1376"]
[BlackElo "899"]
[PlyCount "184"]
[EventDate "2019.??.??"]
[WhiteTeam "TV Tegernsee"]
[BlackTeam "Aschaffenburg- Schweinheim e.V."]

1. e4 e5 2. Nf3 Nc6 3. d4 exd4 4. Nxd4 Nf6 5. Nc3 Bc5 6. Be3 d5 7. Nxc6 bxc6 8.
Bxc5 Nd7 9. Ba3 Nb6 10. Be2 Nc4 11. Bxc4 dxc4 12. Qxd8+ Kxd8 13. Rd1+ Bd7 14.
O-O Kc8 15. Rd4 Be6 16. Na4 Kb7 17. Nc5+ Kb6 18. Nxe6 fxe6 19. Rxc4 Kb5 20.
Rb4+ Ka5 21. Rd4 e5 22. Rd7 Kb6 23. Rxg7 Rag8 24. Re7 Re8 25. Rf7 h6 26. Rd1 a5
27. h3 c5 28. Rd5 c4 29. Rf6+ Kb7 30. Rxa5 h5 31. Rc5 Rd8 32. Rxc4 Rd1+ 33. Kh2
Rg8 34. Rfc6 Rg7 35. Bf8 Rf7 36. Ba3 Rd2 37. R6c5 Rdxf2 38. Rb4+ Kc8 39. Rb3 h4
40. Rf3 R7xf3 41. Rc3 Rf6 42. Bc5 Re2 43. a4 Rg6 44. a5 Rexg2+ 45. Kh1 Re2 46.
b4 Rf6 47. Kg1 c6 48. b5 Kc7 49. Bb6+ Kb7 50. bxc6+ Rxc6 51. Rxc6 Kxc6 52. c4
Kb7 53. c5 Rc2 54. Kh1 Rc4 55. Kg2 Rxe4 56. Kf3 Rc4 57. Ke3 e4 58. Bd8 Rxc5 59.
Bxh4 Rxa5 60. Be7 Re5 61. Bf6 Rh5 62. h4 Rh6 63. Bg5 Re6 64. h5 Re5 65. Bf4
Rxh5 66. Kxe4 Kc6 67. Bg3 Kd7 68. Bf4 Ke6 69. Be3 Rh4+ 70. Kd3 Kd5 71. Bd2 Rh3+
72. Be3 Rg3 73. Ke2 Ke4 74. Bf2 Rg2 75. Ke1 Kf3 76. Bd4 Re2+ 77. Kd1 Ra2 78.
Kc1 Ke4 79. Bb2 Kd3 80. Kb1 Ra4 81. Ba1 Rb4+ 82. Bb2 Rg4 83. Ka2 Kc2 84. Ka3
Rg3+ 85. Ka2 Rb3 86. Ka1 Rb4 87. Ba3 Rb1+ 88. Ka2 Rb3 89. Bc5 Rb5 90. Bd6 Ra5+
91. Ba3 Ra4 92. Ka1 Rxa3# 0-1

[Event "BayJEM19 - U14w"]
[Site "?"]
[Date "2019.04.25"]
[Round "5.1"]
[White "Reifschneider, Melissa"]
[Black "Albayrak, Nese Pinar"]
[Result "0-1"]
[WhiteElo "1325"]
[BlackElo "1624"]
[PlyCount "122"]
[EventDate "2019.??.??"]
[WhiteTeam "TSV Bindlach Aktionär"]
[BlackTeam "Spvg Zabo-Eintracht Nürnberg e.V"]

1. d4 d5 2. c4 c6 3. Bf4 Nf6 4. Nc3 Bf5 5. e3 e6 6. c5 Be7 7. Bd3 Bxd3 8. Qxd3
O-O 9. Nf3 Nbd7 10. Ne5 Nxe5 11. Bxe5 Nd7 {[%emt 0:00:00]} 12. Bf4 b6 13. b4 a5
14. cxb6 axb4 15. Ne2 Nxb6 {[%emt 0:00:00]} 16. O-O Ra3 17. Qc2 Nc4 18. e4 Re8
19. Bc1 b3 {[%emt 0:00:00]} 20. Qb1 bxa2 21. Rxa2 Rxa2 22. Qxa2 Qa8 23. Qxa8
Rxa8 24. e5 Ra2 25. Nc3 Rc2 26. Na4 Bb4 27. Bf4 Bd2 {[%emt 0:00:00]} 28. Bg3
Bb4 29. Rd1 Ra2 30. Nc5 Bxc5 31. dxc5 Ra5 32. Rb1 h6 33. f4 Rxc5 34. Bf2 Rb5
35. Rxb5 cxb5 36. Bc5 d4 37. Kf1 d3 38. Ke1 f6 39. exf6 gxf6 40. g4 e5 41. fxe5
fxe5 42. h4 e4 43. g5 Kh7 44. gxh6 Kxh6 45. Kd1 e3 46. Bxe3+ Nxe3+ 47. Kd2 Nd5
48. Kxd3 b4 49. Kc4 Kh5 50. Kb3 Kxh4 51. Kb2 Kg4 52. Kb3 Kf4 53. Kc4 Ke4 54.
Kb3 Kd4 55. Kb2 Nb6 56. Kb3 Kc5 57. Kb2 Kc4 58. Kc2 Na4 59. Kc1 Kc3 60. Kb1 Kb3
61. Kc1 Ka2 0-1

[Event "BayJEM19 - U14w"]
[Site "?"]
[Date "2019.04.25"]
[Round "5.2"]
[White "Müller, Alina"]
[Black "Alferova, Emily"]
[Result "0-1"]
[WhiteElo "1337"]
[BlackElo "1328"]
[PlyCount "76"]
[EventDate "2019.??.??"]
[WhiteTeam "SC Windischeschenbach"]
[BlackTeam "SAbt TuS Fürstenfeldbruck"]

1. d4 c5 2. Nf3 e6 3. e3 Nf6 4. Bd3 Be7 5. Nbd2 Nc6 6. c3 d6 7. e4 a6 8. a4 b6
9. O-O Bb7 10. Qe2 cxd4 11. Nxd4 Ne5 12. Bc2 Qc7 13. N4f3 O-O 14. Re1 a5 15.
Nxe5 dxe5 16. Qc4 Qd6 17. Qb5 Ba6 18. Qb3 Nh5 19. Nc4 Qc7 20. Ne3 Nf4 21. Qa2
Nd3 22. Rd1 Nf4 23. g3 Nh3+ 24. Kg2 Ng5 25. h4 Be2 26. Re1 Bf3+ 27. Kh2 Nxe4
28. Bxe4 Bxe4 29. Ng4 Bd5 30. Qb1 Qc5 31. Be3 Qc7 32. h5 Bf3 33. Kh3 Bxg4+ 34.
Kxg4 Qc4+ 35. Kf3 Qd5+ 36. Ke2 Rad8 37. Bxb6 Qc4+ 38. Kf3 Qc6+ 0-1

[Event "BayJEM19 - U14w"]
[Site "?"]
[Date "2019.04.25"]
[Round "5.3"]
[White "Gubler, Katharina"]
[Black "Nguyen, Anna Ha Chuc An"]
[Result "1/2-1/2"]
[WhiteElo "1191"]
[BlackElo "1260"]
[PlyCount "126"]
[EventDate "2019.??.??"]
[WhiteTeam "TSV Kareth-Lappersdorf"]
[BlackTeam "SC Moosburg 1956 e.V."]

1. e4 e5 2. Nf3 d6 3. d4 Nc6 4. Bc4 Bg4 5. h3 Bxf3 6. Qxf3 Nf6 7. dxe5 dxe5 8.
Qb3 Qd7 9. O-O Nxe4 10. Qf3 Nf6 11. Rd1 Bd6 12. Nc3 O-O-O 13. Nb5 Qe7 14. Be3
Bc5 15. a3 Kb8 16. b4 Bb6 17. Bg5 Nd4 18. Nxd4 exd4 19. Re1 Qd6 20. Re2 h6 21.
Bxf6 Qxf6 22. Qxf6 gxf6 23. Bxf7 c5 24. Rae1 cxb4 25. axb4 a5 26. Re6 Bc7 27.
bxa5 Bxa5 28. Rd1 Rhf8 29. Rxf6 h5 30. Rf5 h4 31. Rxa5 Rxf7 32. Rh5 Rf4 33. Rd3
Re4 34. Rd2 Kc8 35. Rc5+ Kb8 36. Rc4 Ka7 37. Kf1 b5 38. Rb4 Ka6 39. c3 Ka5 40.
Rbxd4 Rexd4 41. cxd4 b4 42. Ke1 Ka4 43. Kd1 Kb3 44. Kc1 Kc3 45. Rc2+ Kb3 46. f4
Rxd4 47. Rf2 Rc4+ 48. Kb1 Re4 49. Rf3+ Kc4 50. Rf2 Re1+ 51. Kc2 Ra1 52. Kb2 Ra3
53. Rc2+ Rc3 54. Rxc3+ bxc3+ 55. Kc2 Kd4 56. f5 Ke5 57. f6 Kxf6 58. Kxc3 Kf5
59. Kd3 Kf4 60. Ke2 Kg3 61. Kf1 Kf4 62. Kf2 Kg5 63. Kf3 Kf5 1/2-1/2

[Event "BayJEM19 - U14w"]
[Site "?"]
[Date "2019.04.25"]
[Round "5.4"]
[White "Sargsyan, Arusyak"]
[Black "Adelhardt, Lisa"]
[Result "0-1"]
[WhiteElo "1301"]
[BlackElo "1658"]
[PlyCount "96"]
[EventDate "2019.??.??"]
[WhiteTeam "SC Schwarz-Weiß Nürnberg Süd e.V"]
[BlackTeam "Schachtreff Röttenbach e.V."]

1. e4 e5 2. Nf3 Nc6 3. Bc4 Bc5 4. d3 Nf6 5. Nc3 h6 6. O-O d6 7. h3 Na5 8. Bb3
c6 9. Re1 O-O 10. d4 Nxb3 11. axb3 exd4 12. Nxd4 Re8 13. Nf3 Bb4 14. Qd3 d5 15.
Nd2 Bf5 16. f3 dxe4 17. Qxd8 Raxd8 18. fxe4 Bxc3 19. bxc3 a6 20. Ra4 Bxe4 21.
Nxe4 Nxe4 22. Raxe4 Rxe4 23. Rxe4 Rd1+ 24. Kf2 Rxc1 25. Re2 Kf8 26. Kf3 Rd1 27.
Re4 Rd2 28. Re2 Rxe2 29. Kxe2 Ke8 30. Ke3 Ke7 31. Kd4 Kd6 32. c4 b6 33. g3 c5+
34. Ke4 Ke6 35. c3 a5 36. h4 f5+ 37. Kf4 g6 38. Kf3 Ke5 39. Ke3 g5 40. hxg5
hxg5 41. Kf3 g4+ 42. Ke3 f4+ 43. gxf4+ Kf5 44. Ke2 Kxf4 45. Kf2 g3+ 46. Kg2 Kg4
47. Kg1 Kf3 48. Kf1 g2+ 0-1